000 00742 a2200229 4500
999 _c10840
_d10840
020 _a1816-3831
050 _aHV553
_bPRI
100 _eauthor
110 _aInternational Review of the Red Cross
245 _aPrinciple guiding humanitarian action :
_bHumanitarian debate:law,policy,action /
_cInternational Committee of the Red Cross
264 _aGeneva :
_bInternational Committee of the Red Cross,
_cc2017
300 _a491 pages ;
336 _1text
_2rdacontent
_btxt
337 _1text
_2rda
338 _2rdacontent
440 _aprinciples guiding humanitarian action
500 _aincludes table of contents
650 _aHumanitariam principles
650 _alaw
650 _apolicy
942 _2lcc
_cSERIALS
_h553
_iPRI
_kHV